Taoism (Record no. 1079216)

MARC details
000 -LEADER
fixed length control field 00848nam a2200325Ia 4500
003 - CONTROL NUMBER IDENTIFIER
control field OSt
005 - DATE AND TIME OF LATEST TRANSACTION
control field 20221006144213.0
008 - FIXED-LENGTH DATA ELEMENTS--GENERAL INFORMATION
fixed length control field 221006b |||||||| |||| 00| 0 eng d
020 ## - INTERNATIONAL STANDARD BOOK NUMBER
International Standard Book Number 185274071X
020 ## - INTERNATIONAL STANDARD BOOK NUMBER
International Standard Book Number 9781852740719
037 ## - SOURCE OF ACQUISITION
Terms of availability Textual
040 ## - CATALOGING SOURCE
Original cataloging agency EASL
Transcribing agency EASL
Language of cataloging eng
041 ## - LANGUAGE CODE
Source of code eng
Language code of text/sound track or separate title eng
100 ## - MAIN ENTRY--PERSONAL NAME
Personal name COOPER J. C.
9 (RLIN) 54085
245 #0 - TITLE STATEMENT
Title Taoism
Remainder of title The way of the mystic
260 ## - PUBLICATION, DISTRIBUTION, ETC.
Place of publication, distribution, etc. Wellingborough
Name of publisher, distributor, etc. Aquarian Press
300 ## - PHYSICAL DESCRIPTION
Extent 128p.
Dimensions cm.
490 ## - SERIES STATEMENT
Volume/sequential designation CEL
650 ## - SUBJECT ADDED ENTRY--TOPICAL TERM
Topical term or geographic name entry element CEL
650 ## - SUBJECT ADDED ENTRY--TOPICAL TERM
Topical term or geographic name entry element Chuang Tzu and the sages
9 (RLIN) 651102
650 ## - SUBJECT ADDED ENTRY--TOPICAL TERM
Topical term or geographic name entry element Pa Kua
9 (RLIN) 651103
650 ## - SUBJECT ADDED ENTRY--TOPICAL TERM
Topical term or geographic name entry element Yin-Yang
9 (RLIN) 651104
650 ## - SUBJECT ADDED ENTRY--TOPICAL TERM
Topical term or geographic name entry element Wu-Wei
9 (RLIN) 651105
942 ## - ADDED ENTRY ELEMENTS (KOHA)
Classification part R8413, L61
Koha item type Textual
Source of classification or shelving scheme Colon Classification (CC)
Holdings
Withdrawn status Lost status Source of classification or shelving scheme Damaged status Not for loan Home library Current library Date acquired Serial Enumeration / chronology Total Checkouts Full call number Barcode Date last seen Price effective from Koha item type
    Colon Classification (CC)     Department of East Asian Studies Library Department of East Asian Studies Library 2022-10-06 CEL   R8413 L61 EA0555667 2022-10-06 2022-10-06 Textual
Copyright @ Delhi University Library System